Change of life in women ... (Record no. 37847)

MARC details
000 -LEADER
fixed length control field 00500cam a22002051 4500
001 - CONTROL NUMBER
control field med46000094
003 - CONTROL NUMBER IDENTIFIER
control field DLC
005 - DATE AND TIME OF LATEST TRANSACTION
control field 20260227111556.0
008 - FIXED-LENGTH DATA ELEMENTS--GENERAL INFORMATION
fixed length control field 810920s1946 xx 000 0 eng
010 ## - LIBRARY OF CONGRESS CONTROL NUMBER
LC control number med46000094
035 ## - SYSTEM CONTROL NUMBER
System control number (OCoLC)14747496
040 ## - CATALOGING SOURCE
Original cataloging agency DLC
Transcribing agency DNLM
Modifying agency DLC
042 ## - AUTHENTICATION CODE
Authentication code premarc
050 00 - LIBRARY OF CONGRESS CALL NUMBER
Classification number RG186
Item number .C3
060 0# - NATIONAL LIBRARY OF MEDICINE CALL NUMBER
Classification number WP 580
Item number C321c 1946
100 1# - MAIN ENTRY--PERSONAL NAME
Personal name Carson, Walter W.
245 10 - TITLE STATEMENT
Title Change of life in women ...
260 ## - PUBLICATION, DISTRIBUTION, ETC.
Place of publication, distribution, etc. [Evansville, Ind.,
Date of publication, distribution, etc. c1946]
300 ## - PHYSICAL DESCRIPTION
Extent 539 p.

No items available.

Powered by Koha